| 000 | 01023nam a2200265 a 4500 | ||
|---|---|---|---|
| 001 | 000048715 | ||
| 005 | 20240530073937.0 | ||
| 008 | 110329s2016 dr g 001 0 spa d | ||
| 020 | _z9789945 | ||
| 040 |
_aDO-SdBNP _bspa _cBNPHU |
||
| 082 |
_aRD864.42 _bS197z, 2016 |
||
| 100 | 1 |
_aSanabia, Rafael Emilio _d1888 -1973 _954149 |
|
| 245 | 1 | 0 |
_aZarpas y verdugos / _cRafael Sanabia ; prólogo Américo Lugo. |
| 250 | _a2a. ed. | ||
| 260 |
_aSanto Domingo : _bArchivo General de la Nación, _c2016. |
||
| 300 |
_a154 p. ; _c20 cm. |
||
| 490 | 1 |
_aArchivo General de la Nación _v265 |
|
| 500 | _aIncluye índice | ||
| 590 | _aInventariado, 2019/VM | ||
| 650 | 0 |
_aEnsayos dominicanos _965 |
|
| 651 | 4 |
_aRepública Dominicana _xHistoria _yOCUPACIÓN NORTEAMERICANA, 1916-1924 _vRELATOS PERSONALES _976174 |
|
| 651 | 0 |
_aREPÚBLICA DOMINICANA _xHISTORIA _yOCUPACIÓN NORTEAMERICANA, 1916-1924 _xENSAYOS, CONFERENCIAS, ETC _971485 |
|
| 700 | 1 |
_aLugo, Américo _d1870-1952 _epról. _981550 |
|
| 910 | _aValidado. Control de calidad MFF | ||
| 999 |
_c48203 _d48203 |
||